Les chanson Disney des années 2010-2019 - Statistiques

Statistiques générales
  • Ce quiz a été pris 249 fois
    108 depuis la dernière actualisation
  • Le résultat moyen est 18 sur 30
Statistiques - réponses
Hint Réponse % Correct
Ce renouveau La Reine des Neiges
91%
Libérée, Délivrée La Reine des Neiges
91%
Je voudrais un bonhomme de neige La Reine des Neiges
88%
Ou est la vraie vie ? Raiponce
85%
Je suis Vaïana Vaïana,la légende du bout du monde
85%
En été La Reine des Neiges
77%
Le Bleu Lumière Vaïana,la légende du bout du monde
77%
Pour les hommes Vaïana,la légende du bout du monde
76%
Te Fiti Vaïana,la légende du bout du monde
73%
Try Everything Zootopie
71%
Moi j'ai un rêve Raiponce
70%
Bling Bling Vaïana,la légende du bout du monde
68%
N'écoute que moi Raiponce
66%
Je veux y croire Raiponce
65%
Dans un autre monde La Reine des Neiges 2
63%
J'ai perdu le nord La Reine des Neiges 2
62%
L'amour est un cadeau La Reine des Neiges
60%
Je te cherche La Reine des Neiges 2
59%
Sugar Rush Les mondes de Ralph
59%
L'Explorateur Vaïana,la légende du bout du monde
57%
La Berceuse d'Ahtohallan La Reine des Neiges 2
52%
Immortals Les Nouveaux Héros
51%
Le coeur de glace La Reine des Neiges
44%
Incantation de guérison Raiponce
40%
Point d'avenir sans nous La Reine des Neiges 2
34%
Tout réparer La Reine des Neiges 2
27%
Nul n'est parfait La Reine des Neiges
26%
Quand je serai plus grand La Reine des Neiges 2
21%
La Course Infernale Ralph 2.0
21%
When can I see you again ? Les mondes de Ralph
11%
Aucun quiz correspondant
Distribution des résultats
% des personnes avec chaque résultat
Percentile par nombre de réponses
Votre historique - résultats
Vous n’avez pas pris ce quiz depuis la dernière actualisation